Văn hóa làng Gò Bồi
Quyển sách là một trong những ấn phẩm của hội văn nghệ dân gian Việt Nam đã sưu tầm và nghiên cứu về những giá trị truyền thống của dân tộc xoay quanh chủ đề về văn hóa làng Gò Bồi để giới thiệu những nét đặc trưng của Làng này cù...
Shranjeno v:
| Glavni avtor: | |
|---|---|
| Format: | Knjiga |
| Jezik: | Undetermined |
| Izdano: |
Hà Nội
Lao động
2011
|
| Teme: | |
| Oznake: |
Označite
Brez oznak, prvi označite!
|
| Thư viện lưu trữ: | Trung tâm Học liệu Trường Đại học Cần Thơ |
|---|
| LEADER | 01000nam a2200205Ia 4500 | ||
|---|---|---|---|
| 001 | CTU_174018 | ||
| 008 | 210402s9999 xx 000 0 und d | ||
| 082 | |a 306.09597 | ||
| 082 | |b L304 | ||
| 100 | |a Nguyễn, Phúc Liêm | ||
| 245 | 0 | |a Văn hóa làng Gò Bồi | |
| 245 | 0 | |c Nguyễn Phúc Liêm ; Hội văn nghệ dân gian Việt Nam | |
| 260 | |a Hà Nội | ||
| 260 | |b Lao động | ||
| 260 | |c 2011 | ||
| 520 | |a Quyển sách là một trong những ấn phẩm của hội văn nghệ dân gian Việt Nam đã sưu tầm và nghiên cứu về những giá trị truyền thống của dân tộc xoay quanh chủ đề về văn hóa làng Gò Bồi để giới thiệu những nét đặc trưng của Làng này cùng độc giả. | ||
| 650 | |a Culture,Văn hóa | ||
| 650 | |z Vietnam,Việt Nam | ||
| 904 | |i Tuyến | ||
| 980 | |a Trung tâm Học liệu Trường Đại học Cần Thơ | ||